Statistiques concernant Vrai ou Faux - Politicien #2: Emmanuel Macron

Cliquez ici pour prendre le quiz!

Statistiques générales

  • Ce quiz a été pris 345 fois
  • Le résultat moyen est 11 sur 15

Statistiques - réponses

QuestionRéponse% Correct
Avant de devenir politicien, il était banquier d'affaires.Vrai
94%
Il s'oppose au mariage homosexuel et soutient la répression des homosexuels par Poutine.Faux
93%
Il a fait l'éloge de Samuel Paty après le meurtre de Paty et a promis de protéger la liberté d'expression.Vrai
92%
Il a tenté d'abolir la laïcité pour apaiser les groupes islamistes en 2021.Faux
88%
Il a été nommé ministre de l'Économie et des Finances par le Premier ministre Manuel Valls en 2014.Vrai
88%
Macron a noué des relations avec son professeur, qui était marié et avait trois enfants.Vrai
86%
Il se considère comme un politicien centriste, et ne s'associe plus à la gauche.Vrai
85%
Il a essayé de rendre l'école obligatoire dès l'âge de six ans au lieu de trois.Faux
82%
Il a refusé d'augmenter le prix du carburant car cela nuirait à la classe ouvrièreFaux
74%
Il a eu le soutien de Mélenchon pour les élections présidentielles de 2017 et 2022.Faux
73%
Il a déclaré à un syndicaliste que "la meilleure façon de s'offrir un costume est de travailler" et a été bombardé d'œufs.Vrai
70%
Il était membre du Parti socialiste.Vrai
68%
Bien qu'élevé dans une famille non religieuse, Macron a été baptisé catholique à sa propre demande à l'âge de 12 ans; il est agnostique aujourd'hui.Vrai
66%
Il veut la dépénalisation du cannabis mais pas de légalisation.Vrai
45%
Il a refusé d'augmenter le salaire minimum, même après les violentes manifestations de 2018.Faux
36%

Distribution des résultats

Percentile par nombre de réponses

% des personnes avec chaque résultat

Votre développement - résultats

Vous n’avez pas pris ce quiz